[Event "Jubileuszowy FSzach XXX-lecie PUCHARU GOR OPAWSKICH - TURNIEJ Z NORMA IM"]
[Site "POKRZYWNA"]
[Date "1899-12-30"]
[Round "5.3"]
[White "Paprocki, Jaroslaw"]
[Black "Zylka, Stanislaw"]
[Result "1/2-1/2"]
[WhiteTitle "k+"]
[BlackTitle "FM"]
[WhiteElo "2210"]
[BlackElo "2362"]

1. e4 c5 2. Nf3 d6 3. d4 cxd4 4. Nxd4 Nf6 5. Nc3 a6 6. h3 e5 7. Nde2 h5 8. g3 Be7
9. Bg2 b5 10. a4 b4 11. Nd5 Nxd5 12. Qxd5 Ra7 13. Be3 Be6 14. Qd3 Rd7 15. c4 bxc3
16. Nxc3 h4 17. Nd5 hxg3 18. fxg3 Bxd5 19. exd5 Rb7 20. Qc3 O-O 21. O-O f5 22.
b4 Qd7 23. Qd2 Qe8 24. Rf2 Bd8 25. Kh2 Rbf7 26. Bf3 Rb7 27. Be2 Qg6 28. Rg1 Rbf7
29. b5 axb5 30. Bxb5 Nd7 31. Bxd7 Rxd7 32. a5 f4 33. gxf4 Qe4 34. fxe5 Qxe5+ 35.
Bf4 Rdf7 36. Bxe5 Rxf2+ 37. Qxf2 Rxf2+ 38. Kg3 Rd2 39. Bxd6 Rxd5 40. Bb4 Bxa5
41. Bxa5 Rxa5 42. Kg4 1/2-1/2

[Event "Jubileuszowy FSzach XXX-lecie PUCHARU GOR OPAWSKICH - TURNIEJ Z NORMA IM"]
[Site "POKRZYWNA"]
[Date "1899-12-30"]
[Round "5.4"]
[White "Gazik, Igor"]
[Black "Licznerski, Lukasz"]
[Result "0-1"]
[WhiteTitle "IM"]
[BlackTitle "FM"]
[WhiteElo "2256"]
[BlackElo "2360"]

1. Nf3 Nf6 2. g3 g6 3. Bg2 Bg7 4. O-O d5 5. d3 O-O 6. Nbd2 c5 7. e4 Nc6 8. Re1
e6 9. c3 b6 10. Nf1 Ba6 11. e5 Nd7 12. Bf4 b5 13. a3 Qb6 14. b4 Rfc8 15. d4 cxd4
16. cxd4 Bb7 17. Qd2 a5 18. Ne3 axb4 19. axb4 Ra4 20. Nc2 Bf8 21. Rxa4 bxa4 22.
Rb1 Na5 23. Bf1 Nb3 24. Qd1 Ba6 25. Bxa6 Qxa6 26. Na1 Nxa1 27. Rxa1 Nb6 28. Kg2
Bxb4 29. Bh6 Qa7 30. h4 Bc3 31. Ra2 a3 32. Bg5 Bb2 33. Qb3 Nc4 34. Qd3 Qa5 35.
Qb3 Qb6 36. Qd1 Qb4 37. h5 Nb6 38. Qh1 Nd7 39. Qh3 Nf8 40. Be3 Qc4 41. Qh4 Qd3
42. Qe7 gxh5 43. Ng5 Qf5 44. Nh3 Qe4+ 45. Kh2 h4 46. gxh4 Ng6 47. Qg5 Qxh4 48.
Qg1 h6 49. Qd1 Kh7 50. Qf3 Kg7 51. Qd1 Rc3 52. Qe2 Qxh3+ 0-1

[Event "Jubileuszowy FSzach XXX-lecie PUCHARU GOR OPAWSKICH - TURNIEJ Z NORMA IM"]
[Site "POKRZYWNA"]
[Date "1899-12-30"]
[Round "5.5"]
[White "Dzida, Kamil"]
[Black "Sliwicka, Alicja"]
[Result "0-1"]
[WhiteTitle "k+"]
[BlackTitle "WIM"]
[WhiteElo "2284"]
[BlackElo "2295"]

1. e4 c5 2. Nf3 e6 3. d4 cxd4 4. Nxd4 Nf6 5. Nc3 d6 6. g4 h6 7. h4 Nc6 8. Rg1 d5
9. exd5 Nxd5 10. Nxd5 exd5 11. Bb5 Bd7 12. Qe2+ Be7 13. Be3 O-O 14. O-O-O Nxd4
15. Rxd4 Bc5 16. Rdd1 Bxe3+ 17. fxe3 Bxb5 18. Qxb5 Qxh4 19. Qxb7 Qf2 20. Qxd5
Qxe3+ 21. Qd2 Qe6 22. Kb1 f6 23. Rge1 Qb6 24. Qd5+ Kh8 25. Re7 Rad8 26. Rd7 Rxd7
27. Qxd7 Qc5 28. b3 a5 29. c4 Qe5 30. Qd4 Qe2 31. c5 Qb5 32. Rc1 Rc8 33. Qd6 a4
34. Kb2 Qe2+ 35. Ka3 axb3 36. axb3 Ra8+ 37. Kb4 Qb2 38. Rd1 Qa3+ 39. Kc4 Rc8 40.
b4 Qa2+ 41. Kb5 Ra8 42. c6 Qa6+ 43. Kc5 Qa7+ 44. Kd5 Qa2+ 45. Kd4 Qf2+ 46. Kc3
Ra3+ 47. Kc4 Qc2+ 48. Kb5 Qa4+ 49. Kb6 Qa7+ 50. Kb5 Qa6+ 51. Kc5 Rc3+ 52. Kd5
Qc4# 0-1

[Event "Jubileuszowy FSzach XXX-lecie PUCHARU GOR OPAWSKICH - TURNIEJ Z NORMA IM"]
[Site "POKRZYWNA"]
[Date "1899-12-30"]
[Round "6.1"]
[White "Mischuk, Dmitry"]
[Black "Sliwicka, Alicja"]
[Result "1-0"]
[WhiteTitle "IM"]
[BlackTitle "WIM"]
[WhiteElo "2374"]
[BlackElo "2295"]

1. c4 Nf6 2. Nc3 d6 3. g3 Nbd7 4. Bg2 e5 5. e3 g6 6. Nge2 Bg7 7. O-O O-O 8. d4
c6 9. b3 Re8 10. a4 a5 11. Ba3 Nb8 12. h3 Na6 13. Ra2 Nb4 14. Rd2 Qb6 15. Kh2
h5 16. Na2 Bf5 17. Nac3 Rad8 18. Bb2 Qc7 19. Ba1 exd4 20. Nxd4 Bc8 21. Nf3 Qe7
22. Bb2 Nd7 23. Qa1 Ne5 24. Rfd1 Bf5 25. Nd4 Bc8 26. Nce2 Bh6 27. Nf4 h4 28. g4
Qf6 29. Nde2 Bg7 30. Kg1 Qe7 31. Nd4 Kh7 32. Kh1 Bh8 33. Qb1 Qg5 34. Nf3 Nxf3
35. Bxf3 Be5 36. Qa1 Bxb2 37. Qxb2 Qe7 38. Qc3 Be6 39. Kg2 Rd7 40. Nd3 d5 41.
c5 Nxd3 42. Rxd3 Ra8 43. Rd4 Rdd8 44. Be2 Rf8 45. Rc1 Kg8 46. Bd3 Rfe8 47. Re1
Qf6 48. Qd2 Qe7 49. Rc1 Qf6 50. Qd1 Qe7 51. b4 axb4 52. Rxb4 Ra5 53. Qc2 Rea8
54. Be2 Bc8 55. Bd1 Qe5 56. Qd2 R5a7 57. f4 Qf6 58. Qf2 Be6 59. Rd4 Ra5 60. f5
gxf5 61. Rf4 Qg5 62. Kh1 fxg4 63. Bxg4 Qe5 64. Bxe6 Qxe6 65. Qxh4 Rxa4 66. Rg1+
Kf8 67. Rxa4 Rxa4 68. Qd8+ Qe8 69. Rg8+ Kxg8 70. Qxe8+ Kg7 71. Qe5+ Kh6 72. Qe7
1-0

[Event "Jubileuszowy FSzach XXX-lecie PUCHARU GOR OPAWSKICH - TURNIEJ Z NORMA IM"]
[Site "POKRZYWNA"]
[Date "1899-12-30"]
[Round "6.2"]
[White "Licznerski, Lukasz"]
[Black "Dzida, Kamil"]
[Result "1-0"]
[WhiteTitle "FM"]
[BlackTitle "k+"]
[WhiteElo "2360"]
[BlackElo "2284"]

1. d4 Nf6 2. Nf3 e6 3. Bf4 c5 4. e3 Nc6 5. c3 d5 6. Nbd2 Bd6 7. Bg3 O-O 8. Bd3
b6 9. Ne5 Bb7 10. f4 Ne7 11. Qf3 Nf5 12. Bf2 Be7 13. Ng4 Nxg4 14. Qxg4 Nd6 15.
O-O a5 16. Qe2 f5 17. Rac1 c4 18. Bc2 b5 19. Nf3 Bc6 20. Ne5 Be8 21. g4 Bf6 22.
Kh1 b4 23. Rg1 Bxe5 24. dxe5 d4 25. exd4 Bc6+ 26. Rg2 Ne4 27. gxf5 exf5 28. Be1
bxc3 29. Qxc4+ Bd5 30. Qxd5+ Qxd5 31. Bb3 Qxb3 32. axb3 cxb2 33. Rxb2 Rfd8 34.
Rc4 Rd5 35. Ra2 Rb5 36. Rc7 Rd5 37. Ra4 g5 38. fxg5 f4 39. Kg2 Nxg5 40. Rc5 f3+
41. Kf1 Rxc5 42. dxc5 Ne6 43. b4 Rd8 44. Rxa5 Rd1 45. Ra3 Nd4 46. Rc3 Ra1 47.
c6 Ra8 48. c7 Rc8 49. Bf2 Ne6 50. Bb6 Kf7 51. b5 1-0

[Event "Jubileuszowy FSzach XXX-lecie PUCHARU GOR OPAWSKICH - TURNIEJ Z NORMA IM"]
[Site "POKRZYWNA"]
[Date "1899-12-30"]
[Round "6.4"]
[White "Aliavdin, Nikolai"]
[Black "Paprocki, Jaroslaw"]
[Result "1-0"]
[WhiteTitle "IM"]
[BlackTitle "k+"]
[WhiteElo "2300"]
[BlackElo "2210"]

1. e4 e5 2. Nf3 Nc6 3. Bb5 Nf6 4. O-O Nxe4 5. d4 Nd6 6. Bxc6 dxc6 7. dxe5 Nf5 8.
Qxd8+ Kxd8 9. h3 h6 10. Nc3 Ke8 11. b3 a6 12. Bb2 Ne7 13. Rad1 c5 14. Rfe1 Be6
15. Ne4 Nd5 16. c4 Nb6 17. Nh2 Rd8 18. g4 Rxd1 19. Rxd1 h5 20. f4 hxg4 21. hxg4
Rh4 22. Nf2 Bd7 23. Kg2 Be7 24. Kg3 Rh8 25. Nf3 Bc6 26. f5 f6 27. Nh4 Nd7 28.
Ng6 Rh7 29. Re1 fxe5 30. Bxe5 Kf7 31. Nxe7 Kxe7 32. Bxg7+ Kf7 33. Be5 b5 34. Nh3
Kg8 35. Ba1 Nb6 36. Re5 bxc4 37. Rxc5 Bd5 38. Nf4 Rh1 39. Nxd5 Rxa1 40. bxc4 Nxd5
41. cxd5 Rd1 42. Rxc7 Rxd5 43. Kf4 Ra5 44. Kg5 Kf8 45. Kg6 Ke8 46. f6 Kd8 47.
Rc2 Ra4 48. g5 Rf4 49. Re2 a5 50. Kg7 Rf5 51. g6 Kd7 52. f7 1-0

[Event "Jubileuszowy FSzach XXX-lecie PUCHARU GOR OPAWSKICH - TURNIEJ Z NORMA IM"]
[Site "POKRZYWNA"]
[Date "1899-12-30"]
[Round "6.5"]
[White "Marszalek, Maciej"]
[Black "Bulockin, Martin"]
[Result "1-0"]
[WhiteTitle "FM"]
[BlackTitle "k"]
[WhiteElo "2317"]
[BlackElo "2264"]

1. d4 Nf6 2. c4 e6 3. g3 c5 4. d5 exd5 5. cxd5 d6 6. Nc3 g6 7. Nf3 Bg7 8. Bg2 O-O
9. O-O Re8 10. Bf4 Ne4 11. Nxe4 Rxe4 12. Nd2 Rxf4 13. gxf4 Bxb2 14. Rb1 Bg7 15.
e4 Qf6 16. e5 Qxf4 17. e6 f5 18. Re1 Kf8 19. Rb3 Ke7 20. Rh3 h6 21. Rg3 Bd4 22.
Rxg6 Bxf2+ 23. Kh1 Bxe1 24. Rg7+ Kf6 25. Rf7+ Kg6 26. Qxe1 Na6 27. Bh3 Nb4 28.
Qg1+ Qg5 29. Bxf5+ Kh5 30. Qd1+ Kh4 31. Nf3+ 1-0

[Event "Jubileuszowy FSzach XXX-lecie PUCHARU GOR OPAWSKICH - TURNIEJ Z NORMA IM"]
[Site "POKRZYWNA"]
[Date "1899-12-30"]
[Round "7.1"]
[White "Bulockin, Martin"]
[Black "Mischuk, Dmitry"]
[Result "0-1"]
[WhiteTitle "k"]
[BlackTitle "IM"]
[WhiteElo "2264"]
[BlackElo "2374"]

1. d4 Nf6 2. Bf4 g6 3. Nc3 d5 4. Qd2 c6 5. f3 Nbd7 6. e4 e6 7. exd5 Nxd5 8. Nxd5
cxd5 9. Bd3 Bg7 10. c3 O-O 11. Ne2 e5 12. dxe5 Nxe5 13. Bxe5 Bxe5 14. O-O-O Bg7
15. Bc2 Be6 16. Nd4 Rc8 17. Kb1 Qb6 18. Rhe1 Rfe8 19. g3 Bd7 20. Bb3 Bc6 21. f4
a5 22. Rxe8+ Rxe8 23. Nf3 a4 24. Bc2 a3 25. b3 Bd7 26. Re1 Rxe1+ 27. Qxe1 Qc5
28. Ne5 Bxe5 29. fxe5 Bg4 30. Bd3 d4 31. Kc2 dxc3 32. Qxc3 Qg1 33. Qc7 Qxh2+ 34.
Kc3 Qxg3 35. Qd8+ Kg7 36. Qf6+ Kh6 37. Kd4 Be6 38. Qh8 Qf2+ 39. Kc3 Qxa2 40. Qf8+
Kh5 41. Bc2 Qb2+ 42. Kd2 Qd4+ 43. Kc1 a2 0-1

[Event "Jubileuszowy FSzach XXX-lecie PUCHARU GOR OPAWSKICH - TURNIEJ Z NORMA IM"]
[Site "POKRZYWNA"]
[Date "1899-12-30"]
[Round "7.2"]
[White "Paprocki, Jaroslaw"]
[Black "Marszalek, Maciej"]
[Result "1/2-1/2"]
[WhiteTitle "k+"]
[BlackTitle "FM"]
[WhiteElo "2210"]
[BlackElo "2317"]

1. c4 Nf6 2. Nf3 g6 3. d4 c5 4. Nc3 Bg7 5. e4 cxd4 6. Nxd4 d6 7. Be2 O-O 8. Be3
Nc6 9. Nc2 Be6 10. O-O Qa5 11. Bd2 Rfc8 12. b4 Qd8 13. f4 a5 14. b5 Na7 15. Ne3
Rc5 16. g4 Rac8 17. g5 Nd7 18. f5 Bxc4 19. Nxc4 Rxc4 20. Bxc4 Rxc4 21. fxg6 hxg6
22. Rxf7 Bxc3 23. Bxc3 Rxc3 24. Qd4 Ne5 25. Qxc3 Kxf7 26. Rf1+ Kg7 27. a4 Nc8
28. Rc1 Nb6 29. Qc7 Qxc7 30. Rxc7 Kf7 31. Rxb7 Nxa4 32. Ra7 Nc4 33. h4 Nab6 34.
Kf2 a4 35. Kf3 Ne5+ 36. Kf4 Nd3+ 37. Kg4 Ne5+ 38. Kf4 Ned7 39. Kg4 Kf8 40. h5
gxh5+ 41. Kxh5 Kg7 42. Rc7 Kh7 43. Rc3 Kg7 1/2-1/2

[Event "Jubileuszowy FSzach XXX-lecie PUCHARU GOR OPAWSKICH - TURNIEJ Z NORMA IM"]
[Site "POKRZYWNA"]
[Date "1899-12-30"]
[Round "7.3"]
[White "Gazik, Igor"]
[Black "Aliavdin, Nikolai"]
[Result "0-1"]
[WhiteTitle "IM"]
[BlackTitle "IM"]
[WhiteElo "2256"]
[BlackElo "2300"]

1. e4 c5 2. Nf3 d6 3. c3 Nf6 4. Be2 Bd7 5. d3 g6 6. O-O Bg7 7. h3 O-O 8. Re1 Nc6
9. Bf1 e5 10. d4 exd4 11. cxd4 cxd4 12. Bf4 Re8 13. Nbd2 Be6 14. Bb5 Nh5 15. Bh2
Qb6 16. a4 Red8 17. Ng5 d3 18. Nxe6 fxe6 19. Nc4 Qd4 20. Ra3 Nb4 21. Ne3 Rf8 22.
Bxd3 Qxb2 23. Rb3 Qxf2+ 24. Kh1 Nxd3 25. Rxd3 Ng3+ 26. Bxg3 Qxg3 27. Nf5 Qe5 28.
Nxg7 Kxg7 29. Rxd6 Rf7 30. Qa1 Qxa1 31. Rxa1 Re8 32. g3 Ree7 33. Kg2 Kf6 34. Rd4
Ke5 35. Rb4 Rc7 36. Rb5+ Kxe4 37. Re1+ Kd4 38. Rbe5 Rc2+ 39. Kg1 Rc1 40. R5e4+
Kd3 41. R4e3+ Kc2 42. R3e2+ Kb1 43. Rxe6 Rxe1+ 44. Rxe1+ Kb2 45. Re4 Kb3 46. h4
b6 47. Kg2 a6 48. g4 b5 49. axb5 axb5 50. h5 gxh5 51. gxh5 Rf5 52. Rh4 b4 53.
Kg3 Ka3 54. Kg4 Rb5 0-1

[Event "Jubileuszowy FSzach XXX-lecie PUCHARU GOR OPAWSKICH - TURNIEJ Z NORMA IM"]
[Site "POKRZYWNA"]
[Date "1899-12-30"]
[Round "7.4"]
[White "Dzida, Kamil"]
[Black "Zylka, Stanislaw"]
[Result "1-0"]
[WhiteTitle "k+"]
[BlackTitle "FM"]
[WhiteElo "2284"]
[BlackElo "2362"]

1. e4 e6 2. d4 d5 3. Nc3 Nf6 4. e5 Nfd7 5. f4 c5 6. Nf3 Nc6 7. Be3 Be7 8. Qd2 O-O
9. g3 b6 10. Bh3 Ba6 11. Ne2 Bxe2 12. Qxe2 cxd4 13. Nxd4 Nxd4 14. Bxd4 Bc5 15.
O-O-O b5 16. Kb1 Qb6 17. Bxc5 Nxc5 18. Bg2 Rac8 19. Rhf1 b4 20. f5 Na4 21. Ka1
Qa5 22. f6 Rc6 23. Qd2 gxf6 24. exf6 Kh8 25. Qh6 Rg8 26. Rd4 Rg6 27. Qf8+ Rg8
28. Qxf7 Nc3 29. bxc3 Ra6 30. Bxd5 b3 31. Bxb3 Qxc3+ 32. Kb1 Qxd4 33. Rf4 Qe3
34. Qc7 Rb6 35. Rh4 h6 36. Qc3 Qg1+ 37. Kb2 Rgb8 38. Rxh6+ Kg8 39. f7+ Kf8 40.
Rh8+ Kxf7 41. Rh7+ Kg6 42. Rg7+ Kf5 43. Qf3+ 1-0

[Event "Jubileuszowy FSzach XXX-lecie PUCHARU GOR OPAWSKICH - TURNIEJ Z NORMA IM"]
[Site "POKRZYWNA"]
[Date "1899-12-30"]
[Round "7.5"]
[White "Sliwicka, Alicja"]
[Black "Licznerski, Lukasz"]
[Result "0-1"]
[WhiteTitle "WIM"]
[BlackTitle "FM"]
[WhiteElo "2295"]
[BlackElo "2360"]

1. e4 c6 2. d4 d5 3. Nc3 dxe4 4. Nxe4 Bf5 5. Ng3 Bg6 6. h4 h6 7. Nf3 Nd7 8. h5
Bh7 9. Bd3 Bxd3 10. Qxd3 e6 11. Bd2 Ngf6 12. O-O-O Be7 13. Kb1 O-O 14. Ne4 Nxe4
15. Qxe4 Nf6 16. Qe2 Qd5 17. Rhg1 Qe4 18. Be3 Ng4 19. Nd2 Qf5 20. Nf1 Qxh5 21.
Bc1 Qg6 22. f3 Nf6 23. g4 Nd5 24. f4 c5 25. Nh2 cxd4 26. Nf3 Bc5 27. Ne5 Qh7 28.
Rh1 Rad8 29. Nd3 Bb6 30. Rdg1 Ne3 31. Rh5 Rd5 32. Rxd5 Nxd5 33. Qe5 Bc7 34. Qh5
Qg6 35. Qh1 Rc8 36. f5 Qf6 37. Rf1 Bb6 38. Rf2 Rc7 39. g5 hxg5 40. fxe6 Qxe6 41.
Rh2 Kf8 42. Bxg5 f6 43. Bd2 Ke7 44. Rh7 Kd8 45. Rh8+ Kd7 46. Rh7 Kd8 47. Rh8+
Kd7 48. Rh7 Kc6 49. Nb4+ Kc5 50. Nd3+ Kb5 51. a4+ Kxa4 52. Qf1 Ne3 53. b3+ Kb5
54. Bxe3 dxe3 55. Nf4+ e2 56. Nxe2 Kc6 57. Nc3 Rd7 58. Qg2+ Kc7 59. Rxg7 Rxg7
60. Qxg7+ Kc8 61. Qf8+ Kc7 62. Qg7+ Kc8 63. Qf8+ Bd8 64. Qc5+ Kb8 65. Nb5 Qb6
66. Qf5 a6 67. Nc3 Bc7 68. Na2 Be5 69. Qg4 Qf2 70. Nc1 Qf1 71. Qg8+ Ka7 72. Qd5
Qg1 73. Qe4 Bd4 74. Ka2 f5 75. Qd3 f4 76. c3 Bb6 77. Ne2 Qg2 78. Ka3 Qf2 79. Nd4
Qe1 80. Kb2 Qf2+ 81. Ka3 Bc5+ 82. b4 Bxd4 83. cxd4 Qg3 0-1

[Event "Jubileuszowy FSzach XXX-lecie PUCHARU GOR OPAWSKICH - TURNIEJ Z NORMA IM"]
[Site "POKRZYWNA"]
[Date "1899-12-30"]
[Round "8.1"]
[White "Mischuk, Dmitry"]
[Black "Licznerski, Lukasz"]
[Result "1-0"]
[WhiteTitle "IM"]
[BlackTitle "FM"]
[WhiteElo "2374"]
[BlackElo "2360"]

1. c4 e5 2. Nc3 Nf6 3. Nf3 Nc6 4. e3 Bb4 5. Qc2 Bxc3 6. Qxc3 e4 7. Nd4 Ne5 8. f4
Nc6 9. b3 O-O 10. Bb2 Nxd4 11. Qxd4 b6 12. Be2 c5 13. Qc3 Ba6 14. O-O-O d5 15.
d3 exd3 16. Rxd3 d4 17. exd4 Ne4 18. Qe1 Re8 19. Bf3 f5 20. Bxe4 fxe4 21. Rd1
Qc7 22. Qe3 b5 23. dxc5 bxc4 24. b4 c3 25. Bxc3 Bd3 26. Kb2 a5 27. bxa5 Reb8+
28. Ka1 Rb5 29. Rc1 Rab8 30. Be5 Qxa5 31. Bxb8 Rxb8 32. Qd4 h6 33. c6 Ra8 34.
Qb2 Qc7 35. Rc3 Kh7 36. Rhc1 Rb8 37. Rb3 Rxb3 38. Qxb3 Qxf4 39. Qc3 Ba6 40. g3
Qf2 41. c7 Bc8 42. Qb2 Qe3 43. Kb1 Qd3+ 44. Qc2 Qd4 45. a3 Qb6+ 46. Qb2 Qe3 47.
Qc3 Qb6+ 48. Qb4 Qe3 49. Re1 Qd3+ 50. Kb2 e3 51. Qc3 Qb5+ 52. Ka1 Bf5 53. Qxe3
Qc6 54. Rc1 Bc2 55. c8=Q Qxc8 56. Qe4+ 1-0

[Event "Jubileuszowy FSzach XXX-lecie PUCHARU GOR OPAWSKICH - TURNIEJ Z NORMA IM"]
[Site "POKRZYWNA"]
[Date "1899-12-30"]
[Round "8.2"]
[White "Zylka, Stanislaw"]
[Black "Sliwicka, Alicja"]
[Result "1-0"]
[WhiteTitle "FM"]
[BlackTitle "WIM"]
[WhiteElo "2362"]
[BlackElo "2295"]

1. d4 Nf6 2. c4 d6 3. Nf3 Nbd7 4. Nc3 e5 5. Bg5 c6 6. e3 Qa5 7. Bh4 Be7 8. Qc2
Nf8 9. Be2 Ng6 10. Bg3 O-O 11. a3 Ne8 12. b4 Qc7 13. h4 exd4 14. exd4 f5 15. h5
Nh8 16. Bf4 Bf6 17. O-O-O a5 18. b5 Be6 19. bxc6 bxc6 20. Bd3 Qf7 21. Ne2 g6 22.
hxg6 hxg6 23. Rh2 Qb7 24. Rdh1 Nf7 25. g4 Ng7 26. g5 Be7 27. Nh4 Bxg5 28. Nxg6
Rfb8 29. Rg1 Bf6 30. Be3 c5 31. dxc5 dxc5 32. Nef4 Ng5 33. Nxe6 N5xe6 34. Bxf5
Nxf5 35. Ne7+ Kf8 36. Nxf5 Qc7 37. Rhg2 Qe5 38. Rg8+ Kf7 39. Nh6+ Ke7 40. Qh7+
Ng7 41. Nf5+ Qxf5 42. R1xg7+ Ke6 43. Qxf5+ Kxf5 44. Rxb8 Rxb8 45. Ra7 Bb2+ 46.
Kc2 Bxa3 47. Rxa5 Bb4 48. Ra7 Rc8 49. Kd3 Rd8+ 50. Ke2 Rc8 51. Rd7 Ke6 52. Rd5
Re8 53. Kd3 Rf8 54. Ke4 Rc8 55. f4 Ba3 56. Bf2 Bb4 57. f5+ Kf7 58. Rd7+ Ke8 59.
Rh7 Rc6 60. Kd5 Rf6 61. Ke4 Ra6 62. Bg3 Bc3 63. Kd5 Rf6 64. Rh5 Bd4 65. Bh4 Ra6
66. Rh7 Ra3 67. Bg5 Ra2 68. Re7+ Kf8 69. Re4 Rf2 70. Ke6 Rc2 71. f6 Rh2 72. f7
Kg7 73. Bf6+ Bxf6 74. Rg4+ 1-0

[Event "Jubileuszowy FSzach XXX-lecie PUCHARU GOR OPAWSKICH - TURNIEJ Z NORMA IM"]
[Site "POKRZYWNA"]
[Date "1899-12-30"]
[Round "8.3"]
[White "Aliavdin, Nikolai"]
[Black "Dzida, Kamil"]
[Result "1-0"]
[WhiteTitle "IM"]
[BlackTitle "k+"]
[WhiteElo "2300"]
[BlackElo "2284"]

1. e4 c5 2. Nf3 d6 3. d4 cxd4 4. Nxd4 Nf6 5. Nc3 a6 6. Bg5 e6 7. f4 Be7 8. Qf3
Qc7 9. O-O-O Nbd7 10. g4 Rb8 11. e5 dxe5 12. fxe5 Nxe5 13. Qg3 b5 14. Bf4 Nfd7
15. Nf3 f6 16. g5 Bb7 17. gxf6 gxf6 18. Be2 Bxf3 19. Bxf3 Rb6 20. Bh5+ Kd8 21.
Ne4 Rc6 22. Kb1 Rc4 23. Ng5 Kc8 24. Nxe6 Qc6 25. Qg7 Qxe6 26. Qxh8+ Nf8 27. Bh6
Kb7 28. Bxf8 Rc8 29. Qxh7 Rxf8 30. Qe4+ Kb6 31. Bf3 Rc8 32. Qb7+ Ka5 33. Bd5 1-0

[Event "Jubileuszowy FSzach XXX-lecie PUCHARU GOR OPAWSKICH - TURNIEJ Z NORMA IM"]
[Site "POKRZYWNA"]
[Date "1899-12-30"]
[Round "8.4"]
[White "Marszalek, Maciej"]
[Black "Gazik, Igor"]
[Result "1-0"]
[WhiteTitle "FM"]
[BlackTitle "IM"]
[WhiteElo "2317"]
[BlackElo "2256"]

1. d4 g6 2. Nf3 Bg7 3. c4 f5 4. Nc3 Nf6 5. Bf4 O-O 6. e3 d6 7. c5 Nh5 8. Qb3+ Kh8
9. O-O-O Nc6 10. Be2 b6 11. cxd6 cxd6 12. Kb1 Na5 13. Qa3 Be6 14. Ng5 Nxf4 15.
exf4 Bg8 16. h4 h5 17. Rhe1 b5 18. Bxb5 a6 19. Bf1 Nc4 20. Bxc4 Bxc4 21. Ne6 Bxe6
22. Rxe6 Rf6 23. Re3 e6 24. Qa4 Qc8 25. Qc2 Rb8 26. Ne2 Qd7 27. Rc1 Rf7 28. Qc6
Qd8 29. Rxe6 Rfb7 30. b3 Rb6 31. Qc7 Qg8 32. Re3 Qd5 33. g3 Rxb3+ 34. axb3 Rxb3+
35. Kc2 Rb4 36. Kd2 Rb7 37. Qc3 Kh7 38. f3 1-0

[Event "Jubileuszowy FSzach XXX-lecie PUCHARU GOR OPAWSKICH - TURNIEJ Z NORMA IM"]
[Site "POKRZYWNA"]
[Date "1899-12-30"]
[Round "8.5"]
[White "Bulockin, Martin"]
[Black "Paprocki, Jaroslaw"]
[Result "1/2-1/2"]
[WhiteTitle "k"]
[BlackTitle "k+"]
[WhiteElo "2264"]
[BlackElo "2210"]

1. e4 e5 2. Nf3 Nc6 3. Bb5 Nf6 4. d3 Bc5 5. Bxc6 dxc6 6. O-O Bg4 7. Nbd2 Nd7 8.
h3 Bh5 9. Nc4 f6 10. Be3 Be7 11. Qe2 Nc5 12. Bxc5 Bxc5 13. c3 O-O 14. Rad1 Re8
15. Ne3 Bf7 16. Nf5 Qc8 17. Kh2 Bf8 18. a3 g6 19. Ne3 Be6 20. g4 Bh6 21. Rg1 Bf4+
22. Kh1 Kh8 23. Nh4 Qd7 24. Qf3 Qe7 25. Nhg2 Bh6 26. Qg3 Qd6 27. h4 Bf4 28. Qf3
Bb3 29. Rd2 Bh6 30. Qg3 Bf4 31. Qf3 Bh6 32. Qh3 Kg8 33. h5 Bg5 34. Nh4 Be6 35.
Kg2 gxh5 36. Nhf5 Bxf5 37. Nxf5 hxg4 38. Qxg4 Qe6 39. Kf1 Rad8 40. f3 Kf8 41.
Rd1 Qb3 42. f4 exf4 43. Qh5 f3 44. Qxf3 Qf7 45. Rh1 Rd7 46. Kg2 c5 47. Rh3 Qb3
48. Rf1 Qxb2+ 49. Rf2 Qxc3 50. Rg3 Qc1 51. Qh5 Rf7 52. Rgf3 c4 53. dxc4 Rxe4 54.
Rd3 Qxc4 55. Qd1 Qc6 56. Kf1 Re8 57. Kg1 Qc1 58. Qxc1 Bxc1 59. Kf1 Kg8 60. a4
Kh8 61. a5 h6 62. Rg2 Re5 63. Nh4 Rh5 64. Nf3 Bf4 65. Rd8+ Kh7 66. Re2 Be5 67.
Rb8 c6 68. Rc8 a6 69. Rd2 Bc7 70. Rg2 Rg5 71. Nxg5+ fxg5+ 72. Kg1 Bxa5 73. Re2
Bc3 74. Kg2 a5 75. Re3 Bd4 76. Re4 c5 77. Ra8 b6 78. Ra6 h5 79. Rxb6 g4 80. Ra6
Rf2+ 81. Kg3 Rf5 82. Re7+ Bg7 83. Raa7 Rg5 84. Rxa5 Kg6 85. Re6+ Kf7 86. Rb6 Be5+
87. Kh4 Bf6 88. Ra7+ Kg6 89. Kg3 c4 90. Rc7 h4+ 91. Kxh4 Rb5+ 92. Rxf6+ Kxf6 93.
Rxc4 Kf5 94. Rxg4 1/2-1/2

[Event "Jubileuszowy FSzach XXX-lecie PUCHARU GOR OPAWSKICH - TURNIEJ Z NORMA IM"]
[Site "POKRZYWNA"]
[Date "1899-12-30"]
[Round "9.1"]
[White "Paprocki, Jaroslaw"]
[Black "Mischuk, Dmitry"]
[Result "1/2-1/2"]
[WhiteTitle "k+"]
[BlackTitle "IM"]
[WhiteElo "2210"]
[BlackElo "2374"]

1. d4 Nf6 2. Nf3 e6 3. Bf4 b6 4. e3 Bb7 5. Bd3 Be7 6. h3 O-O 7. O-O c5 8. c3 Nc6
9. Nbd2 Re8 10. Nc4 d6 11. dxc5 bxc5 12. Bxd6 Nd5 13. Bh2 Na5 14. Nfe5 Nxc4 15.
Nxc4 Nf6 16. Qe2 Qd5 17. f3 Rad8 18. Rad1 Ba6 19. e4 Qb7 20. b3 Bxc4 21. Bxc4
Qb6 22. Rxd8 Rxd8 23. Rd1 h5 24. Rxd8+ Qxd8 25. Qd3 Qa5 26. a4 h4 27. f4 Qb6 28.
f5 exf5 29. exf5 Qc6 30. Bf4 Nh5 31. Be5 Bf6 32. Qd6 Qe4 33. Bxf7+ Kh7 34. Qd1
Qe3+ 35. Kh1 Ng3+ 36. Bxg3 hxg3 37. Bg6+ Kh8 38. Qh5+ Qh6 39. Qxh6+ gxh6 40. Kg1
Bxc3 41. Kf1 Kg7 42. Ke2 a5 43. Kf3 Be1 44. Ke2 1/2-1/2

[Event "Jubileuszowy FSzach XXX-lecie PUCHARU GOR OPAWSKICH - TURNIEJ Z NORMA IM"]
[Site "POKRZYWNA"]
[Date "1899-12-30"]
[Round "9.2"]
[White "Gazik, Igor"]
[Black "Bulockin, Martin"]
[Result "0-1"]
[WhiteTitle "IM"]
[BlackTitle "k"]
[WhiteElo "2256"]
[BlackElo "2264"]

1. d4 Nf6 2. Bf4 c5 3. e3 d5 4. Nc3 a6 5. Nf3 Nc6 6. Qd2 Bf5 7. Be2 e6 8. Ne5 cxd4
9. exd4 Bb4 10. O-O O-O 11. Nxc6 bxc6 12. Bd3 Bxd3 13. Qxd3 c5 14. Bg5 cxd4 15.
Qxd4 Be7 16. Rfe1 h6 17. Bf4 Rc8 18. Rad1 Bd6 19. Bxd6 Qxd6 20. Rd3 Rfe8 21. Qe5
Qxe5 22. Rxe5 Red8 23. Re2 Kf8 24. Kf1 Rc4 25. Nb1 Rdc8 26. Na3 R4c6 27. Rb3 Ne4
28. f3 Nd6 29. Rd2 Ke7 30. Ke2 Kf6 31. Kd1 Nf5 32. g4 Nh4 33. Rb7 g5 34. Rd3 Ng6
35. Rdb3 Ne5 36. Ra7 h5 37. h3 h4 38. Rbb7 Rf8 39. c3 Nxf3 40. Nc2 Ng1 41. Nb4
Rd6 42. Nxa6 Nxh3 43. Nc5 Nf4 0-1

[Event "Jubileuszowy FSzach XXX-lecie PUCHARU GOR OPAWSKICH - TURNIEJ Z NORMA IM"]
[Site "POKRZYWNA"]
[Date "1899-12-30"]
[Round "9.3"]
[White "Dzida, Kamil"]
[Black "Marszalek, Maciej"]
[Result "1-0"]
[WhiteTitle "k+"]
[BlackTitle "FM"]
[WhiteElo "2284"]
[BlackElo "2317"]

1. e4 e5 2. Nf3 Nc6 3. Bb5 a6 4. Ba4 Nf6 5. O-O Be7 6. Re1 b5 7. Bb3 O-O 8. a4
b4 9. d4 d6 10. dxe5 Nxe5 11. Nxe5 dxe5 12. Qf3 Bb7 13. Nd2 a5 14. Nf1 Ra6 15.
Ng3 Ne8 16. Be3 Nd6 17. Rad1 Bg5 18. Bc4 Ra8 19. Bc5 g6 20. Bd5 Bxd5 21. Rxd5
Qe8 22. b3 Qe6 23. c3 bxc3 24. Qxc3 Rfe8 25. Red1 Nb7 26. Be3 Bxe3 27. Qxe3 Nd8
28. h4 Nc6 29. h5 Nd4 30. Ne2 Nxe2+ 31. Qxe2 c6 32. R5d3 Qf6 33. Rd7 Kg7 34. R1d3
Re7 35. R3d6 Re6 36. Rxe6 Qxe6 37. Qd2 gxh5 38. Rd6 Qe7 39. Rxc6 Rd8 40. Qh6+
Kg8 41. Qxh5 Rd6 42. Rc8+ Kg7 43. g3 Rg6 44. Kg2 Rg5 45. Qf3 h5 46. Qe3 Kh7 47.
Qc5 Qb7 48. Qc6 Qxb3 49. Qf6 Rg7 50. Qf5+ Rg6 51. Qxe5 1-0

[Event "Jubileuszowy FSzach XXX-lecie PUCHARU GOR OPAWSKICH - TURNIEJ Z NORMA IM"]
[Site "POKRZYWNA"]
[Date "1899-12-30"]
[Round "9.4"]
[White "Sliwicka, Alicja"]
[Black "Aliavdin, Nikolai"]
[Result "1-0"]
[WhiteTitle "WIM"]
[BlackTitle "IM"]
[WhiteElo "2295"]
[BlackElo "2300"]

1. e4 Nf6 2. e5 Nd5 3. d4 d6 4. c4 Nb6 5. exd6 cxd6 6. Nc3 g6 7. Be3 Bg7 8. Rc1
O-O 9. b3 Bf5 10. g4 Bc8 11. Bg2 Na6 12. h3 e6 13. Nge2 d5 14. c5 Nd7 15. a3 Nc7
16. b4 f5 17. g5 f4 18. Bxf4 e5 19. Be3 exd4 20. Nxd4 Ne5 21. O-O Nc4 22. Qd3
Kh8 23. b5 Ne6 24. Nxe6 Bxe6 25. Bd4 Qxg5 26. Bxg7+ Kxg7 27. Qd4+ Kh6 28. h4 Qd2
29. Rfd1 Qxd4 30. Rxd4 Nxa3 31. Ra4 Nc4 32. Nxd5 Nb2 33. Rd4 Rad8 34. c6 bxc6
35. bxc6 Rd6 36. c7 Rc8 37. Rc5 Rd7 38. Rb5 Bxd5 39. Bxd5 Rcxc7 40. Rxb2 a5 41.
Rb5 Rc1+ 42. Kg2 Ra1 43. Rf4 Ra7 44. Rf7 Rxf7 45. Bxf7 a4 46. Ra5 a3 47. Bb3 Kg7
48. Ra7+ Kf6 49. Rxh7 Rb1 50. Rf7+ Ke5 51. Rf3 Rb2 52. Bf7 Rb7 53. Ba2 1-0